| 000 | 00809nam a2200277Ia 4500 | ||
|---|---|---|---|
| 005 | 20250425161915.0 | ||
| 008 | 250425s9999 xx 000 0 und d | ||
| 020 | _a9567106118 | ||
| 041 | _aspa | ||
| 043 | _acl | ||
| 082 | _a378.1 | ||
| 100 | _aJUAN, VRSALOVIC M. | ||
| 245 | 0 | _aADMINISTRACION UNIVERSITARIA EN AMERICA LATINA: MODELOS Y CASOS | |
| 250 | _a1A ED. | ||
| 260 |
_aChile _bCENTRO INTERUNIVERSITARIO DE DESARROLLO _c1993 |
||
| 260 |
_aSANTIAGO DE CHILE _bCINDA |
||
| 300 | _a294 | ||
| 500 | _aCOLECCION GESTION UNIVERSITARIA | ||
| 650 | _aEDUCACION SUPERIOR-AMERICA LATINA | ||
| 650 | _aINNOVACIONES EDUCATIVAS | ||
| 650 | _aINNOVACIONES TECNOLOGICAS | ||
| 650 | _aPERSPECTIVA | ||
| 710 | _aCENTRO INTERUNIVERSITARIO DE DESARROLLO ( CINDA) | ||
| 942 | _c01 | ||
| 010 | _a34530 | ||
| 999 |
_c218598 _d218598 |
||